LEADER 01917oam 2200301z- 450 001 9910157775003321 005 20230913112557.0 010 $a1-62798-562-X 035 $a(CKB)3710000001009746 035 $a(BIP)055397006 035 $a(Exl-AI)993710000001009746 035 $a(EXLCZ)993710000001009746 100 $a20210505c2015uuuu -u- - 101 0 $aeng 200 10$aUneasy Dreams 210 $cDSP Publications 215 $a1 online resource (330 p.) $cill 311 08$a1-62798-561-1 330 8 $aSequel to Back to the DreamDreamlands: Book ThreeWar came to the Dreamlands when Kyushu was invaded by the Egyptians and Inuzaka Keno's old nemesis, the Trust. As the lords of Nippon maneuver on and off the field to recover their lands, the peaceful life Keno enjoyed with his lover, Samojirou Aboshi, comes to a violent end. Loyalty to their rulers and the need to drive the enemies from Kyushu tears them apart and forces them to question everything they thought they believed.Trust refugee Mason Kairns, an ally of Keno and Aboshi's liege lord, struggles to carve a place in a society as hostile as the Northlands he fled. Amidst the chaos and political scheming, the protection of the Hakkenshi may be all that stands between them and disaster.With the fight for Kyushu intensifying, Keno reminds Aboshi more and more of his ancestor: a cursed warrior who spent his life covered in blood. Though Keno has vowed to never take a life, desperation pushes him closer to the madness that devoured his predecessor, and giving in could cost him everything--including Aboshi and the love they share. 606 $aJapanese fiction$7Generated by AI 606 $aWar in literature$7Generated by AI 615 0$aJapanese fiction 615 0$aWar in literature 700 $aIvey$b Felicitas$01434931 906 $aBOOK 912 $a9910157775003321 996 $aUneasy Dreams$93596292 997 $aUNINA